| 000 | 00804nam a2200253Ia 4500 | ||
|---|---|---|---|
| 005 | 20140217111318.0 | ||
| 008 | 130821s1993 sp gr spa | ||
| 020 | _a8477382018 | ||
| 040 |
_aCo-BoUCM _bspa |
||
| 041 | 0 | 0 | _aspa |
| 100 | 1 | _aWagner, Carlos G. | |
| 245 | 1 | 3 |
_aEl próximo oriente antiguo _cCarlos G. Wagner |
| 260 |
_aMadrid (España) _bEditorial Sintesis _c1993 |
||
| 300 | _a213 páginas | ||
| 490 |
_aHistoria Universal Antigua _v2 |
||
| 490 |
_aHistoria Universal Antigua _v3 |
||
| 504 | _aIncluye bibliografía | ||
| 650 | 0 | 4 |
_aCivilización _yOriente _97409 |
| 650 | 0 | 4 |
_aHistoria de Asia _926507 |
| 651 |
_aEgipto _xHistoria _926935 |
||
| 651 | 7 |
_aCercano Oriente _xHistoria _926860 |
|
| 942 |
_cLIBRORESER _2DEWEY _a21 _e1 _h939.4 _mG643p |
||
| 999 |
_c58325 _d58325 |
||